|
|
|
|
| LEADER |
00000nam a2200000 a 4500 |
| 001 |
vtls001221330 |
| 003 |
SK-MaSNL |
| 005 |
20260301154533.0 |
| 008 |
240509s1996 xo ap r slo |
| 015 |
|
|
|a SNBA1997/0100064
|
| 020 |
|
|
|a 8085568578
|
| 035 |
|
|
|a SNK000166463
|
| 035 |
|
|
|a urn:nbn:sk:snk-amkfgd
|
| 035 |
|
|
|a urn:nbn:sk:snk-am003un5
|
| 035 |
|
|
|a 27D14737-8CFB-4459-983F-F2CFB4A74B66
|
| 040 |
|
|
|a SNK
|b slo
|c SNK
|e AACR2
|
| 041 |
0 |
|
|a slo
|
| 044 |
|
|
|a xo
|c SK
|
| 080 |
|
|
|a 338.46:658.114(075.8)
|2 1981
|
| 100 |
1 |
|
|a Michalová, Viera
|4 aut
|9 9081
|
| 245 |
1 |
0 |
|a Služby pre podnikateľskú sféru (Business services)
|c Valéria Michalová
|
| 260 |
|
|
|a Bratislava
|b Eurounion
|c 1996
|
| 300 |
|
|
|a 119 s.
|b Grafy, tab.
|c 21 cm
|
| 490 |
1 |
|
|a Ekonomické a právne minimum podnikateľa
|
| 504 |
|
|
|a Bibliogr. s. 111-114
|
| 650 |
0 |
7 |
|a služby podnikateľské
|2 SNK
|9 517568
|
| 655 |
|
7 |
|a Textbooks (higher)
|2 SNKPHeng
|9 276436
|
| 655 |
|
7 |
|a učebnice vysokých škôl
|2 SNKPH
|9 70191
|
| 655 |
|
7 |
|a príručky
|2 SNK
|9 74364
|
| 830 |
|
0 |
|a Ekonomické a právne minimum podnikateľa
|9 283936
|
| 919 |
|
|
|a 80-85568-57-8
|
| 999 |
|
|
|c 797206
|d 799136
|
| 952 |
|
|
|t P60, <09>, [BOOK], {629}
|a SNK
|b SNK
|y NEVYP
|7 0
|o snkC 1832
|i snk3519/961018
|0 0
|1 0
|4 0
|d 1996-10-10
|l 0
|r 2005-01-01 00:00:00
|w 2026-02-24
|
| 952 |
|
|
|t P60, <03>, [BOOK], {603}
|a SNK
|b SNK
|y PREZ
|7 0
|p 17A0013965
|o snkSC 91447
|i snkKSP 8504/96
|0 0
|1 0
|4 0
|d 1996-10-10
|f 1
|l 0
|r 2025-09-10 00:00:00
|w 2026-02-24
|
| 952 |
|
|
|t P60, <04>, [BOOK], {604}
|a SNK
|b SNK
|y VYP
|7 0
|p 17A0013964
|o snkSC 91447 D1
|i snkKSP 8505/96
|0 0
|1 0
|4 0
|d 1996-10-10
|l 0
|r 2005-01-01 00:00:00
|w 2026-02-24
|